000 00269nam a2200097Ia 4500
082 _aLP EF JANC
245 0 _aWeb of evil
100 _a JANCE, Judith A. Leicester, 2009 Large print ed
_980653
942 _cBK
008 210817s9999 xx 000 0 und d
999 _c386858
_d386857